000 01153nam a2200325 i 4500
001 169268
003 ES-MaACL
005 20250830095445.0
008 080827s2007 sp |||| | spa d
017 _aM-44.784-2007
020 _a978-84-460-2613-6
080 _a342.716
080 _a342.2
080 _a330.342.14
100 1 _aFernández Liria, Carlos.
_949874
245 1 0 _aEducación para la ciudadanía
_b: democracia, capitalismo y estado de derecho /
_cCarlos Fernández Liria, Pedro Fernández Liria, Luis Alegre Zahonero ; ilustraciones, Miguel Brieva.
250 _a2ª ed. corr. y aum.
260 _aTres Cantos :
_bAkal,
_c2007.
300 _a247 p. :
_bil. ;
_c24 cm.
490 1 _aAkal / Educación para la ciudadanía
650 1 7 _aEducación cívica
_2embne
_9135955
650 1 7 _aEstado de derecho
_2embne
_912527
650 1 4 _aCapitalismo.
_910760
700 1 _aFernández Liria, Pedro.
_949875
700 1 _aAlegre, Luis.
_919666
700 1 _aBrieva, Miguel.
_9138359
830 0 0 _aAkal/Educación para la ciudadanía
_9222808
852 4 _aES-MaACL
_jL-29718
_9R.143221
999 _c169268
_d169268